The crown of Hinduism (Record no. 1457661)

MARC details
000 -LEADER
fixed length control field 00546nam a2200205Ia 4500
005 - DATE AND TIME OF LATEST TRANSACTION
control field 20250923145938.0
008 - FIXED-LENGTH DATA ELEMENTS--GENERAL INFORMATION
fixed length control field 008 250917s9999 xx 000 0 eng d
037 ## - SOURCE OF ACQUISITION
Stock number Textual
040 ## - CATALOGING SOURCE
Original cataloging agency DSWL
Language of cataloging eng
Transcribing agency DSWL
041 ## - LANGUAGE CODE
Language code of text/sound track or separate title eng
Source of code eng
084 ## - COLON CLASSIFICATION NUMBER
Classification number Q2, N13
Assigning agency DSWL
100 ## - MAIN ENTRY--PERSONAL NAME
Personal name Farquhar, J.N.
9 (RLIN) 840582
245 #4 - TITLE STATEMENT
Title The crown of Hinduism
Statement of responsibility, etc. by J.N. Farquhar
260 ## - PUBLICATION, DISTRIBUTION, ETC.
Place of publication, distribution, etc. New York
Name of publisher, distributor, etc. Oxford University Press
Date of publication, distribution, etc. 1915
300 ## - PHYSICAL DESCRIPTION
Extent 469p.
365 ## - TRADE PRICE
Price amount gift
925 ## -
-- gift
942 ## - ADDED ENTRY ELEMENTS (KOHA)
Koha item type Textual
Classification part Q2, N13
Holdings
Withdrawn status Lost status Damaged status Not for loan Home library Current library Date acquired Total Checkouts Full call number Barcode Date last seen Price effective from Koha item type
        Department of Social Work Library Department of Social Work Library 2025-09-23   Q2, N13 SW0025843 2025-09-23 2025-09-23 Textual
Copyright @ Delhi University Library System